| 000 | 00418nam a2200181Ia 4500 | ||
|---|---|---|---|
| 005 | 20250603145531.0 | ||
| 008 | 250603s9999 xx 000 0 und d | ||
| 020 | _a9788121906647 | ||
| 050 | _aJC 251 .S63/ | ||
| 100 | _aAgarwal, R.C. | ||
| 245 | 0 | _aPolitical theory | |
| 260 | _aNew Delhi | ||
| 260 | _bS. Chand & company pvt. Ltd. | ||
| 260 | _c2014 | ||
| 300 | _a558 p | ||
| 650 | _aNew Delhi | ||
| 942 | _cBK | ||
| 999 |
_c42139 _d42139 |
||